| 000 | 00594nam a2200193 a 4500 | ||
|---|---|---|---|
| 005 | 20260322212006.0 | ||
| 008 | data | ||
| 010 | _a62-13533 | ||
| 090 | _aE 99 .N3 K711n 1962 | ||
| 100 | 1 |
_aKluckholn, Clyde, _d1905-1960 |
|
| 245 | 1 | 0 |
_aNavaho witchcraft/ _cClyde Kluckholn. |
| 260 |
_aBoston, MA _bBeacon Press [1962] _cc1944 |
||
| 300 | _axxii, 254 p. | ||
| 490 | 0 | _aPapers of the Peabody Museum of American Archaeology and Ethnology, Harvard University ; vol. 22, no. 2 | |
| 500 | _aBibliography : p. 219-225 | ||
| 650 | 0 | 2 |
_aIndians, North American _xhistory |
| 650 | 0 | 2 | _aOccultism |
| 001 | data | ||
| 999 |
_c107 _d107 |
||